Statistiken für CL-Sieger ohne Meistertitel

Klicken Sie hier um das Quiz zu spielen!

Allgemein

  • Dieses Quiz wurde 275 mal gespielt
  • Das Durchschnittsergebnis liegt bei 17 aus 19

Antwortstatistiken

LandMeister% Korrekt
2016/17Real Madrid
99%
2015/16Real Madrid
99%
1959/60Real Madrid
99%
1999/00Real Madrid
99%
1956/57Real Madrid
99%
2013/14Real Madrid
99%
2008/09FC Barcelona
98%
2014/15FC Barcelona
98%
2012/13FC Bayern München
97%
1975/76FC Bayern München
97%
2011/12FC Chelsea
91%
2004/05FC Liverpool
86%
1998/99Manchester United
84%
1964/65Inter Mailand
82%
2006/07AC Mailand
74%
1989/90AC Mailand
74%
2002/03AC Mailand
74%
1971/72Ajax Amsterdam
69%
1979/80Nottingham Forest
59%

Verteilung der Resultate

Perzentil nach korrekt beantworteten Fragen

Anzahl Personen mit jedem Resultat

Ihre Resultats-Entwicklung

Sie haben dieses Quiz noch nicht gespielt